Opiniones frente a la crisis /
Saved in:
| Main Author: | |
|---|---|
| Other Authors: | , |
| Format: | Text |
| Subjects: | |
| Tags: |
Add Tag
No Tags, Be the first to tag this record!
|
MARC
| LEADER | 00000 a a2200000 04500 | ||
|---|---|---|---|
| 001 | 1521 | ||
| 003 | |||
| 040 | |||
| 100 | |a Alfaro, José Miguel | ||
| 245 | |a Opiniones frente a la crisis / |c José Miguel Alfaro | ||
| 650 | |a RECESION ECONOMICA | ||
| 650 | |a MEDIOS DE COMUNICACION | ||
| 650 | |a SINDICATOS | ||
| 650 | |a POLITICA | ||
| 650 | |a COSTA RICA | ||
| 700 | |a Lizano Fait, Eduardo | ||
| 700 | |a Rojas Bolaños, Manuel | ||
| 773 | |g número 6; páginas 4-9 | ||
| 999 | |c 20294 |d 20294 | ||
